[Event "Marmaris Karya IM 2018"]
[Site "Marmaris"]
[Date "2018.06.29"]
[Round "7.3"]
[White "Tanriverdi, Enes"]
[Black "Bivol, Alina"]
[Result "0-1"]
[WhiteElo "2281"]
[BlackElo "2365"]
[Annotator "ChessBase"]
[PlyCount "108"]
[EventDate "2018.06.25"]
[EventCountry "TUR"]
[SourceTitle "playchess.com"]
[Source "ChessBase"]
[SourceQuality "1"]
[TimeControl "5400+30"]

1. d4 {[%emt 0:04:30]} Nc6 {[%emt 0:00:30]} 2. Nf3 {[%emt 0:02:30]} d5 {[%emt 0:00:30]} 3. Bf4 {[%emt 0:04:30]} Nf6 {[%emt 0:00:30]} 4. e3 {[%emt 0:00:30]} g6 {[%emt 0:03:30]} 5. h3 {[%emt 0:00:30]} Bg7 {[%emt 0:01:30]} 6. Nbd2 {[%emt 0:04:30]} O-O {[%emt 0:02:30]} 7. c3 {[%emt 0:00:30]} Bf5 {[%emt 0:05:30]} 8. Bb5 {[%emt 0:00:30]} Nb8 {[%emt 0:06:30]} 9. O-O {[%emt 0:02:30]} Ne4 {[%emt 0:05:30]} 10. Be2 {[%emt 0:01:30]} c6 {[%emt 0:03:30]} 11. a4 {[%emt 0:00:30]} Nd7 {[%emt 0:02:30]} 12. a5 {[%emt 0:01:30]} Nxd2 {[%emt 0:00:30]} 13. Nxd2 {[%emt 0:01:30]} e5 {[%emt 0:02:30]} 14. dxe5 {[%emt 0:14:30]} Nxe5 {[%emt 0:01:30]} 15. Nf3 {[%emt 0:03:30]} Nxf3+ {[%emt 0:01:30]} 16. Bxf3 {[%emt 0:00:30]} Qe7 {[%emt 0:00:00]} 17. Qb3 {[%emt 0:01:30]} Rfd8 {[%emt 0:02:00]} 18. Rfd1 {[%emt 0:00:30]} Rac8 {[%emt 0:01:30]} 19. Qa3 {[%emt 0:07:30]} Bf8 {[%emt 0:04:30]} 20. Qxe7 {[%emt 0:03:30]} Bxe7 {[%emt 0:00:00]} 21. Rd2 {[%emt 0:00:30]} Kg7 {[%emt 0:02:00]} 22. a6 {[%emt 0:02:30]} b5 {[%emt 0:05:30]} 23. Bg4 {[%emt 0:00:30]} Bxg4 {[%emt 0:02:30]} 24. hxg4 {[%emt 0:00:30]} Kf6 {[%emt 0:03:30]} 25. Kf1 {[%emt 0:02:30]} g5 {[%emt 0:05:30]} 26. Bg3 {[%emt 0:00:30]} Bc5 {[%emt 0:00:00]} 27. Rad1 {[%emt 0:02:30]} Re8 {[%emt 0:01:00]} 28. b4 {[%emt 0:21:54]} Bb6 {[%emt 0:03:30]} 29. Rd3 {[%emt 0:00:14]} Re4 {[%emt 0:05:30]} 30. f3 {[%emt 0:00:10]} Rxe3 {[%emt 0:01:30]} 31. Rxe3 {[%emt 0:00:19]} Bxe3 {[%emt 0:00:30]} 32. Bf2 {[%emt 0:02:59]} Bxf2 {[%emt 0:02:30]} 33. Kxf2 {[%emt 0:00:04]} Re8 {[%emt 0:00:30]} 34. Rh1 {[%emt 0:00:45]} Kg6 {[%emt 0:01:30]} 35. g3 {[%emt 0:01:43]} f6 {[%emt 0:00:30]} 36. Rd1 {[%emt 0:00:24]} Re7 {[%emt 0:00:30]} 37. Rh1 {[%emt 0:00:39]} h6 {[%emt 0:04:30]} 38. Rd1 {[%emt 0:02:04]} f5 {[%emt 0:01:30]} 39. gxf5+ {[%emt 0:00:09]} Kxf5 {[%emt 0:00:00]} 40. g4+ {[%emt 0:00:37]} Kg6 {[%emt 0:00:00]} 41. Rh1 {[%emt 0:00:19]} Re6 {[%emt 0:00:30]} 42. Rd1 {[%emt 0:02:45]} Kf6 {[%emt 0:00:30]} 43. Rd3 {[%emt 0:00:22]} Ke7 {[%emt 0:01:30]} 44. Kg3 {[%emt 0:00:39]} Kd6 {[%emt 0:01:01]} 45. f4 {[%emt 0:00:00]} gxf4+ {[%emt 0:00:33]} 46. Kxf4 {[%emt 0:00:12]} Rf6+ {[%emt 0:00:24]} 47. Kg3 {[%emt 0:01:32]} c5 {[%emt 0:00:14]} 48. Re3 {[%emt 0:00:39]} cxb4 {[%emt 0:00:31]} 49. cxb4 {[%emt 0:00:02]} d4 {[%emt 0:00:17]} 50. Re8 {[%emt 0:00:03]} Kd5 {[%emt 0:00:30]} 51. Rc8 {[%emt 0:00:04]} d3 {[%emt 0:01:36]} 52. Rc5+ {[%emt 0:00:01]} Kd4 {[%emt 0:00:15]} 53. Rxb5 {[%emt 0:00:04]} d2 {[%emt 0:00:14]} 54. Rb8 {[%emt 0:00:06]} Rd6 {[%emt 0:00:10]} 0-1

[Event "Marmaris Karya IM 2018"]
[Site "Marmaris"]
[Date "2018.06.30"]
[Round "7.3"]
[White "Tanriverdi, Enes"]
[Black "Bivol, Alina"]
[Result "0-1"]
[WhiteElo "2281"]
[BlackElo "2365"]
[Annotator "TA"]
[PlyCount "108"]
[EventDate "2018.06.25"]
[EventCountry "TUR"]
[SourceTitle "playchess.com"]
[Source "ChessBase"]
[SourceQuality "1"]

{[%evp 9,108,68,71,50,59,19,56,47,64,55,61,53,63,57,67,50,61,11,14,15,16,-6,0,0,0,0,-6,-4,1,6,19,25,18,0,15,9,29,-4,0,14,21,0,0,0,0,0,0,-70,-44,-72,0,0,0,0,0,-77,-77,-77,-77,-77,-77,-77,-77,-77,-77,-77,-77,-77,-77,-77,-77,-240,-77,-77,-77,-256,-234,-265,-242,-249,-239,-206,-206,-229,-196,-505,-485,-814,-1212,-1187,-1182,-981,-932,-1645,-1472,-12840,-1108,-29990,-29991,-29991,-29992]} 1. d4 Nc6 2. Nf3 d5 3. Bf4 Nf6 4. e3 g6 (4... e6 5. Nbd2 Bd6 6. Ne5 O-O 7. Bd3 Nb4 8. Be2 c5 9. c3 Nc6 10. Bg3 Ne7 11. Bd3 b6 12. O-O Bb7 13. Qe2 {1-0 (44) Petrosyan,M (2549)-Golubov,S (2492) Moscow 2017}) 5. h3 Bg7 6. Nbd2 {D02: 1 d4 d5 2 Nf3 sidelines, including 2...Nf6 3 g3 and 2...Nf6 3 Bf4} O-O 7. c3 Bf5 8. Bb5 $146 {White is slightly better.} ({Predecessor:} 8. Be2 a6 9. O-O Rb8 10. c4 dxc4 11. Bxc4 b5 12. Be2 Qd7 13. Rc1 {1-0 (49) Geluk,P (2047)-Kjeldsen,K (1955) ICCF email 2012}) 8... Nb8 9. O-O Ne4 10. Be2 c6 11. a4 Nd7 12. a5 Nxd2 13. Nxd2 e5 14. dxe5 Nxe5 15. Nf3 Nxf3+ 16. Bxf3 Qe7 17. Qb3 Rfd8 18. Rfd1 Rac8 19. Qa3 Bf8 20. Qxe7 Bxe7 21. Rd2 Kg7 22. a6 b5 (22... b6 {with more complications.} 23. g4 Be6 24. Kg2 h6 25. Rad1 Re8) 23. Bg4 Bxg4 24. hxg4 Kf6 25. Kf1 g5 26. Bg3 Bc5 27. Rad1 Re8 28. b4 (28. Re2 $11) 28... Bb6 $15 29. Rd3 Re4 (29... Re6 $17) 30. f3 $1 $11 {[%cal Rf3e4]} Rxe3 31. Rxe3 Bxe3 32. Bf2 {[#]} (32. Re1 $1 $11 Bb6 33. Bd6) 32... Bxf2 $1 $17 33. Kxf2 {[%mdl 4096] Endgame KR-KR} Re8 34. Rh1 Kg6 35. g3 f6 36. Rd1 Re7 37. Rh1 h6 38. Rd1 f5 39. gxf5+ Kxf5 40. g4+ $2 (40. Rh1 $17 {might work better.} Re6 41. Rh2) 40... Kg6 $2 (40... Kf4 $19 {has better winning chances.} 41. Rd2 Ke5) 41. Rh1 Re6 42. Rd1 $2 (42. Kg3 $17) 42... Kf6 43. Rd3 Ke7 44. Kg3 Kd6 45. f4 gxf4+ 46. Kxf4 Rf6+ 47. Kg3 $2 (47. Ke3) 47... c5 $19 48. Re3 (48. Kg2 $142 cxb4 49. cxb4) 48... cxb4 49. cxb4 d4 {[%cal Bd5d4,Bd4d3,Bd3d2][%mdl 32]} 50. Re8 Kd5 51. Rc8 d3 {[#] ...d2 is the strong threat.} 52. Rc5+ Kd4 (52... Ke4 $142 53. Rc1 d2) 53. Rxb5 d2 54. Rb8 Rd6 {Precision: White = 42%, Black = 67%.} 0-1

[Event "Marmaris Karya IM 2018"]
[Site "Marmaris"]
[Date "2018.06.30"]
[Round "7.4"]
[White "Arda, Cagil Irmak"]
[Black "Darban, Morteza"]
[Result "0-1"]
[WhiteElo "2257"]
[BlackElo "2312"]
[Annotator "TA"]
[PlyCount "112"]
[EventDate "2018.06.25"]
[EventCountry "TUR"]
[SourceTitle "playchess.com"]
[Source "ChessBase"]
[SourceQuality "1"]

{[%evp 9,112,22,29,28,34,5,29,0,0,-11,26,7,7,5,26,12,36,12,18,13,37,23,37,31,36,15,23,18,34,13,30,-80,-77,-138,-138,-141,-117,-104,-112,-121,-120,-126,-122,-115,-114,-117,-93,-95,-96,-101,-106,-94,-44,-75,-75,-75,-66,-64,-31,-31,-30,-51,-51,-118,-118,-118,-118,-118,-118,-122,-118,-204,-204,-204,-204,-204,-204,-204,-204,-315,-295,-730,-153,-153,-153,-153,-153,-1812,-1499,-2185,-1912,-1623,-1565,-2262,-2244,-1260,-1545,-1127,-1335,-847,-827,-29990,-29991,-29996,-29997]} 1. e4 c5 2. Nf3 e6 3. c4 Nc6 4. Nc3 Qb6 (4... Nge7 5. Be2 Nd4 6. d3 {½-½ (6) Rakhmanov,A (2655)-Grachev,B (2653) Serpukhov 2018}) 5. d3 a6 6. Rb1 {B40: Sicilian: 2...e6, Unusual lines} Nf6 $146 ({Predecessor:} 6... Bd6 7. Be3 Qc7 8. d4 cxd4 9. Nxd4 Nge7 10. Qd2 Nxd4 11. Bxd4 O-O 12. g3 {0-1 (30) Dolzhikova,K (2324)-Kalinina,O (2191) Odessa 2006}) 7. h3 d6 8. Be3 {White has an edge.} Qa5 9. Qa4 Qc7 10. d4 cxd4 11. Nxd4 Be7 12. Be2 O-O 13. O-O Nxd4 14. Bxd4 b6 15. Qd1 Bb7 16. Qd3 Rac8 17. f4 Nd7 18. Rfd1 Rfd8 19. Rbc1 Bf6 20. Bf2 (20. Bxf6 $11 {remains equal.} Nxf6 21. Qe3) 20... Nc5 $17 21. Bxc5 (21. Qe3 $142) 21... dxc5 22. Qf3 Rxd1+ 23. Rxd1 Rd8 24. Rxd8+ Qxd8 25. Qd3 Bd4+ 26. Kh2 h6 27. g3 Qd7 28. Kg2 Bc6 29. Bf3 b5 30. b3 f6 31. Ne2 e5 32. Nxd4 Qxd4 33. Qxd4 cxd4 (33... exd4 {keeps more tension.} 34. Kf2 b4 35. f5 g6 36. fxg6 Kg7) 34. cxb5 Bxb5 35. fxe5 fxe5 {[%mdl 4096] Endgame KB-KB} 36. b4 (36. Kf2 $15) 36... Kf7 37. Kf2 Ke7 38. Ke1 Kd6 39. Kd2 {[#]} a5 $1 {[%mdl 512]} 40. a3 (40. bxa5 $17 Kc5 41. h4) 40... axb4 $19 41. axb4 Bf1 42. h4 Kc6 43. Kc2 Kb5 44. Kb3 (44. Kd2 {was called for.}) 44... Bd3 45. Bg2 $2 (45. h5) 45... g5 $2 (45... Be2 $19 {has better winning chances. ...g5 is the strong threat.} 46. Kc2 Bg4) 46. hxg5 hxg5 47. Bf3 Bc4+ 48. Ka3 $2 {[#]} (48. Kc2 $17) 48... Bf1 $1 49. Kb3 Bd3 50. Ka3 Kc4 51. Ka4 Bc2+ 52. Ka5 d3 53. b5 d2 54. b6 {[#]} Bxe4 $1 {[%mdl 512]} 55. Bxe4 d1=Q {[%cal Rd1a1]} 56. b7 Kc5 {Precision: White = 28%, Black = 53%.} 0-1

[Event "Marmaris Karya IM 2018"]
[Site "Marmaris"]
[Date "2018.06.29"]
[Round "7.4"]
[White "Arda, Cagil Irmak"]
[Black "Darban, Morteza"]
[Result "0-1"]
[WhiteElo "2257"]
[BlackElo "2312"]
[Annotator "ChessBase"]
[PlyCount "112"]
[EventDate "2018.06.25"]
[EventCountry "TUR"]
[SourceTitle "playchess.com"]
[Source "ChessBase"]
[SourceQuality "1"]
[TimeControl "5400+30"]

1. e4 {[%emt 0:00:30]} c5 {[%emt 0:03:30]} 2. Nf3 {[%emt 0:00:00]} e6 {[%emt 0:00:00]} 3. c4 {[%emt 0:00:00]} Nc6 {[%emt 0:00:00]} 4. Nc3 {[%emt 0:00:30]} Qb6 {[%emt 0:00:30]} 5. d3 {[%emt 0:01:30]} a6 {[%emt 0:05:30]} 6. Rb1 {[%emt 0:02:30]} Nf6 {[%emt 0:02:30]} 7. h3 {[%emt 0:07:30]} d6 {[%emt 0:17:30]} 8. Be3 {[%emt 0:00:30]} Qa5 {[%emt 0:00:30]} 9. Qa4 {[%emt 0:10:30]} Qc7 {[%emt 0:18:30]} 10. d4 {[%emt 0:02:30]} cxd4 {[%emt 0:00:00]} 11. Nxd4 {[%emt 0:00:30]} Be7 {[%emt 0:01:00]} 12. Be2 {[%emt 0:08:30]} O-O {[%emt 0:00:30]} 13. O-O {[%emt 0:00:30]} Nxd4 {[%emt 0:04:30]} 14. Bxd4 {[%emt 0:00:30]} b6 {[%emt 0:00:30]} 15. Qd1 {[%emt 0:04:30]} Bb7 {[%emt 0:00:30]} 16. Qd3 {[%emt 0:02:30]} Rac8 {[%emt 0:05:30]} 17. f4 {[%emt 0:08:30]} Nd7 {[%emt 0:12:30]} 18. Rfd1 {[%emt 0:05:30]} Rfd8 {[%emt 0:05:56]} 19. Rbc1 {[%emt 0:03:30]} Bf6 {[%emt 0:00:41]} 20. Bf2 {[%emt 0:01:30]} Nc5 {[%emt 0:00:29]} 21. Bxc5 {[%emt 0:07:30]} dxc5 {[%emt 0:01:14]} 22. Qf3 {[%emt 0:00:30]} Rxd1+ {[%emt 0:00:32]} 23. Rxd1 {[%emt 0:01:30]} Rd8 {[%emt 0:00:02]} 24. Rxd8+ {[%emt 0:00:30]} Qxd8 {[%emt 0:00:01]} 25. Qd3 {[%emt 0:00:30]} Bd4+ {[%emt 0:00:57]} 26. Kh2 {[%emt 0:01:30]} h6 {[%emt 0:05:22]} 27. g3 {[%emt 0:04:30]} Qd7 {[%emt 0:01:42]} 28. Kg2 {[%emt 0:01:30]} Bc6 {[%emt 0:03:28]} 29. Bf3 {[%emt 0:04:30]} b5 {[%emt 0:00:57]} 30. b3 {[%emt 0:03:00]} f6 {[%emt 0:02:19]} 31. Ne2 {[%emt 0:05:10]} e5 {[%emt 0:00:06]} 32. Nxd4 {[%emt 0:03:59]} Qxd4 {[%emt 0:00:33]} 33. Qxd4 {[%emt 0:00:32]} cxd4 {[%emt 0:00:46]} 34. cxb5 {[%emt 0:02:59]} Bxb5 {[%emt 0:01:40]} 35. fxe5 {[%emt 0:01:30]} fxe5 {[%emt 0:00:03]} 36. b4 {[%emt 0:01:15]} Kf7 {[%emt 0:04:16]} 37. Kf2 {[%emt 0:00:12]} Ke7 {[%emt 0:00:23]} 38. Ke1 {[%emt 0:01:16]} Kd6 {[%emt 0:00:59]} 39. Kd2 {[%emt 0:00:41]} a5 {[%emt 0:01:09]} 40. a3 {[%emt 0:02:20]} axb4 {[%emt 0:00:22]} 41. axb4 {[%emt 0:00:03]} Bf1 {[%emt 0:01:58]} 42. h4 {[%emt 0:01:20]} Kc6 {[%emt 0:00:04]} 43. Kc2 {[%emt 0:00:17]} Kb5 {[%emt 0:00:45]} 44. Kb3 {[%emt 0:00:07]} Bd3 {[%emt 0:01:02]} 45. Bg2 {[%emt 0:01:16]} g5 {[%emt 0:00:27]} 46. hxg5 {[%emt 0:00:44]} hxg5 {[%emt 0:00:02]} 47. Bf3 {[%emt 0:00:33]} Bc4+ {[%emt 0:00:06]} 48. Ka3 {[%emt 0:00:06]} Bf1 {[%emt 0:00:05]} 49. Kb3 {[%emt 0:00:56]} Bd3 {[%emt 0:00:04]} 50. Ka3 {[%emt 0:00:37]} Kc4 {[%emt 0:02:12]} 51. Ka4 {[%emt 0:00:41]} Bc2+ {[%emt 0:00:04]} 52. Ka5 {[%emt 0:00:02]} d3 {[%emt 0:00:06]} 53. b5 {[%emt 0:00:03]} d2 {[%emt 0:00:05]} 54. b6 {[%emt 0:00:05]} Bxe4 {[%emt 0:00:03]} 55. Bxe4 {[%emt 0:01:14]} d1=Q {[%emt 0:00:09]} 56. b7 {[%emt 0:00:06]} Kc5 {[%emt 0:00:39]} 0-1

[Event "Marmaris Karya IM 2018"]
[Site "Marmaris"]
[Date "2018.06.30"]
[Round "7.5"]
[White "Unat, Can Haktan"]
[Black "Korneev, Oleg"]
[Result "1/2-1/2"]
[WhiteElo "2047"]
[BlackElo "2517"]
[Annotator "TA"]
[PlyCount "117"]
[EventDate "2018.06.25"]
[EventCountry "TUR"]
[SourceTitle "playchess.com"]
[Source "ChessBase"]
[SourceQuality "1"]

{[%evp 15,117,21,26,-20,-20,-20,-20,-20,-20,-16,-14,-15,25,18,29,7,11,6,6,6,6,6,3,-6,0,0,2,0,0,0,0,0,0,0,0,-3,-3,-25,-22,-29,-2,-2,-2,-2,-2,-6,-2,-2,-4,0,0,0,0,0,0,-3,-4,-5,-6,-3,-6,-37,-37,-37,-22,-24,0,0,0,0,0,0,0,0,0,0,0,0,0,0,0,0,0,0,0,0,0,0,0,0,0,0,0,0,8,0,0,0,8,0,0,0,8,0]} 1. e4 c5 2. Nf3 e6 3. d4 cxd4 4. Nxd4 a6 5. c4 Nf6 6. Nc3 Qc7 7. Be2 Bb4 8. O-O O-O {LiveBook: 25 Games. B41: Sicilian: Kan Variation: 5 c4} 9. Be3 (9. Qd3 d6 10. Bd2 Nc6 11. Nb3 b6 12. Rac1 Bc5 13. Bg5 Bb7 14. Qg3 Kh8 15. Rfd1 Ne5 16. Nxc5 bxc5 {0-1 (34) Naiditsch,A (2705)-Artemiev,V (2691) Riadh 2017}) 9... Bxc3 10. bxc3 Nxe4 11. Bf3 Nc5 12. Nb3 d6 13. Qd2 $146 ({Predecessor:} 13. Nxc5 dxc5 14. Qc1 Nd7 15. a4 f5 16. g3 {0-1 (33) Stankovic,M (2145)-Khurtsidze,N (2395) Leon 1996}) 13... Nxb3 14. axb3 Nc6 15. Rad1 Rd8 16. Bf4 {White wants to play c5.} e5 17. Bxc6 $1 {[#] aiming for Bg5.} Bg4 18. f3 {And now Bg5 would win.} exf4 19. fxg4 Qxc6 20. Qxf4 f6 21. Qd4 a5 22. Qd5+ Qxd5 23. Rxd5 $11 {[%mdl 4096] Endgame KRR-KRR} a4 24. bxa4 Rxa4 25. c5 Rxg4 26. Re1 Rg5 27. Rxd6 Rc8 28. Re7 h5 29. h4 Rg4 ({Reject} 29... Rgxc5 30. Rdd7 $16) 30. Rd5 Rxh4 31. Rxb7 Rc4 32. Rdd7 Rg4 33. Rd5 Rc4 34. Rdd7 Rg4 35. Rd5 Rg3 36. Kh2 h4 37. c4 Kh7 38. Rb6 Rg4 39. Rb4 g5 40. Rd6 Rxc5 {[#] Strongly threatening ...Kg6.} 41. Rxf6 {The position is equal.} Rgxc4 (41... Kg7 {feels hotter.} 42. Rbb6 Re5 43. Rg6+ Kf8 44. Rgf6+ Kg7) 42. Rb7+ Rc7 43. Rbb6 R4c5 44. Rh6+ Kg8 45. Rb8+ Kg7 46. Rbh8 Rf7 47. R8h7+ Kg8 48. Rh8+ Kg7 49. R8h7+ Kf8 50. Rh8+ Ke7 51. Ra8 Rcf5 52. Rb6 Re5 53. Rh6 Rd5 54. Rg6 Rdf5 55. Ra7+ Kf8 56. Ra8+ Ke7 57. Ra7+ Kf8 58. Ra8+ Ke7 59. Ra7+ {Precision: White = 75%, Black = 79%.} 1/2-1/2

[Event "Marmaris Karya IM 2018"]
[Site "Marmaris"]
[Date "2018.06.29"]
[Round "7.5"]
[White "Unat, Can Haktan"]
[Black "Korneev, Oleg"]
[Result "1/2-1/2"]
[WhiteElo "2047"]
[BlackElo "2517"]
[Annotator "TA"]
[PlyCount "117"]
[EventDate "2018.06.25"]
[EventCountry "TUR"]
[SourceTitle "playchess.com"]
[Source "ChessBase"]
[SourceQuality "1"]

{[%evp 15,117,25,23,-33,-26,-30,-29,-27,-18,-12,-25,-16,16,18,20,3,12,5,1,7,7,2,2,-18,0,9,6,0,0,0,0,0,0,0,0,0,0,-28,-28,-28,-7,0,0,0,0,0,0,0,0,0,0,0,0,0,0,0,0,0,0,0,0,-33,-33,-96,-18,-18,0,0,0,0,0,0,0,0,0,0,0,0,0,0,0,0,0,0,0,0,0,0,0,0,0,0,0,0,8,0,0,0,8,0,0,0,8,0]} 1. e4 c5 2. Nf3 e6 3. d4 cxd4 4. Nxd4 a6 5. c4 Nf6 6. Nc3 Qc7 7. Be2 Bb4 8. O-O O-O {LiveBook: 25 Games. B41: Sicilian: Kan Variation: 5 c4} 9. Be3 (9. Qc2 $11) (9. Qd3 d6 10. Bd2 Nc6 11. Nb3 b6 12. Rac1 Bc5 13. Bg5 Bb7 14. Qg3 Kh8 15. Rfd1 Ne5 16. Nxc5 bxc5 {0-1 (34) Naiditsch,A (2705)-Artemiev,V (2691) Riadh 2017}) 9... Bxc3 $1 $15 10. bxc3 Nxe4 {Black has an edge.} 11. Bf3 Nc5 12. Nb3 d6 13. Qd2 $146 ({Predecessor:} 13. Nxc5 dxc5 14. Qc1 Nd7 15. a4 f5 16. g3 {0-1 (33) Stankovic,M (2145)-Khurtsidze,N (2395) Leon 1996}) 13... Nxb3 14. axb3 Nc6 15. Rad1 Rd8 16. Bf4 {next c5 is good for White.} e5 17. Bxc6 $1 {[#] Threatens to win with Bg5.} Bg4 18. f3 exf4 19. fxg4 Qxc6 20. Qxf4 f6 21. Qd4 a5 22. Qd5+ Qxd5 23. Rxd5 $11 {[%mdl 4096] Endgame KRR-KRR} a4 24. bxa4 Rxa4 25. c5 Rxg4 26. Re1 Rg5 27. Rxd6 Rc8 28. Re7 h5 29. h4 Rg4 ({Much weaker is} 29... Rgxc5 30. Rdd7 $16) 30. Rd5 Rxh4 31. Rxb7 Rc4 32. Rdd7 Rg4 33. Rd5 Rc4 34. Rdd7 Rg4 35. Rd5 Rg3 36. Kh2 h4 37. c4 Kh7 38. Rb6 Rg4 39. Rb4 {[#]} (39. Kh3 $15 Rxc4 40. Rh5+ Kg8 41. Rxh4 R4xc5 42. Rb7) 39... g5 (39... Kh6 $1 $17) 40. Rd6 {The position is equal.} Rxc5 {White must now prevent ...Kg6.} 41. Rxf6 Rgxc4 (41... Kg7 {is more complex.} 42. Rbb6 Rgxc4 43. Rg6+ Kf7 44. Rh6 Kg8) 42. Rb7+ Rc7 43. Rbb6 R4c5 44. Rh6+ Kg8 45. Rb8+ Kg7 46. Rbh8 Rf7 47. R8h7+ Kg8 48. Rh8+ Kg7 49. R8h7+ Kf8 50. Rh8+ Ke7 51. Ra8 Rcf5 52. Rb6 Re5 53. Rh6 Rd5 54. Rg6 Rdf5 55. Ra7+ Kf8 56. Ra8+ Ke7 57. Ra7+ Kf8 58. Ra8+ Ke7 59. Ra7+ {Precision: White = 69%, Black = 74%.} 1/2-1/2

[Event "Marmaris Karya IM 2018"]
[Site "Marmaris"]
[Date "2018.06.29"]
[Round "8.1"]
[White "Bagaturov, Giorgi"]
[Black "Can, Isik"]
[Result "1/2-1/2"]
[WhiteElo "2397"]
[BlackElo "2396"]
[Annotator "ChessBase"]
[PlyCount "68"]
[EventDate "2018.06.25"]
[EventCountry "TUR"]
[SourceTitle "playchess.com"]
[Source "ChessBase"]
[SourceQuality "1"]
[TimeControl "5400+30"]

1. d4 {[%emt 0:00:30]} Nf6 {[%emt 0:00:30]} 2. c4 {[%emt 0:00:00]} e6 {[%emt 0:00:00]} 3. Nf3 {[%emt 0:01:00]} b6 {[%emt 0:00:00]} 4. a3 {[%emt 0:00:00]} Bb7 {[%emt 0:00:30]} 5. Nc3 {[%emt 0:00:00]} d5 {[%emt 0:00:00]} 6. cxd5 {[%emt 0:01:30]} Nxd5 {[%emt 0:00:00]} 7. Qc2 {[%emt 0:00:00]} Nd7 {[%emt 0:02:30]} 8. Nxd5 {[%emt 0:05:00]} exd5 {[%emt 0:00:30]} 9. Bg5 {[%emt 0:00:30]} Qc8 {[%emt 0:02:30]} 10. g3 {[%emt 0:06:30]} Bd6 {[%emt 0:08:30]} 11. Bh3 {[%emt 0:01:30]} O-O {[%emt 0:10:30]} 12. O-O {[%emt 0:06:30]} Re8 {[%emt 0:12:30]} 13. Rac1 {[%emt 0:03:30]} c6 {[%emt 0:09:30]} 14. Qf5 {[%emt 0:27:30]} Nf8 {[%emt 0:02:30]} 15. Qxc8 {[%emt 0:00:00]} Bxc8 {[%emt 0:00:30]} 16. Bxc8 {[%emt 0:00:00]} Raxc8 {[%emt 0:00:00]} 17. Rc2 {[%emt 0:00:30]} Ne6 {[%emt 0:10:00]} 18. Rfc1 {[%emt 0:04:30]} c5 {[%emt 0:00:30]} 19. dxc5 {[%emt 0:02:30]} bxc5 {[%emt 0:04:30]} 20. b4 {[%emt 0:07:30]} a5 {[%emt 0:06:30]} 21. Be3 {[%emt 0:08:30]} axb4 {[%emt 0:03:30]} 22. axb4 {[%emt 0:00:30]} c4 {[%emt 0:02:30]} 23. Rd1 {[%emt 0:00:30]} Nc7 {[%emt 0:04:46]} 24. Bb6 {[%emt 0:06:13]} Na6 {[%emt 0:03:16]} 25. Ba5 {[%emt 0:01:24]} Bxb4 {[%emt 0:01:31]} 26. Rxd5 {[%emt 0:00:20]} c3 {[%emt 0:02:05]} 27. Ne5 {[%emt 0:09:15]} Bxa5 {[%emt 0:06:23]} 28. Rxa5 {[%emt 0:00:05]} Nb4 {[%emt 0:02:23]} 29. Rc1 {[%emt 0:00:07]} Red8 {[%emt 0:03:52]} 30. Ra4 {[%emt 0:04:31]} c2 {[%emt 0:02:09]} 31. Nd3 {[%emt 0:00:27]} Nxd3 {[%emt 0:00:26]} 32. exd3 {[%emt 0:00:05]} Rc3 {[%emt 0:00:06]} 33. Ra2 {[%emt 0:00:23]} Rdc8 {[%emt 0:00:15]} 34. Kf1 {[%emt 0:00:09]} Rxd3 {[%emt 0:00:10]} 1/2-1/2

[Event "Marmaris Karya IM 2018"]
[Site "Marmaris"]
[Date "2018.06.30"]
[Round "8.1"]
[White "Bagaturov, Giorgi"]
[Black "Can, Isik"]
[Result "1/2-1/2"]
[WhiteElo "2397"]
[BlackElo "2396"]
[Annotator "TA"]
[PlyCount "68"]
[EventDate "2018.06.25"]
[EventCountry "TUR"]
[SourceTitle "playchess.com"]
[Source "ChessBase"]
[SourceQuality "1"]

{[%evp 20,68,38,35,38,21,19,35,31,0,0,0,0,0,9,6,9,5,2,5,9,0,0,0,0,0,0,-4,0,0,0,0,0,0,0,-68,-62,-67,-75,-68,0,0,0,0,0,0,0,0,0,0,0]} 1. d4 Nf6 2. c4 e6 3. Nf3 b6 4. a3 Bb7 5. Nc3 d5 6. cxd5 Nxd5 7. Qc2 Nd7 8. Nxd5 exd5 9. Bg5 {E12: Queen's Indian: Unusual White 4th moves, 4 a3, 4 Nc3 Bb7 5 a3 and 4 Nc3 Bb7} Qc8 10. g3 (10. Qc3 Nf6 11. Bxf6 gxf6 12. g3 Bd6 13. e3 O-O 14. Bd3 c5 15. O-O c4 16. Bb1 Qg4 {1-0 (36) Korobov,A (2668)-Ertan,C (2377) Kocaeli 2017}) 10... Bd6 11. Bh3 {LiveBook: 5 Games. White is slightly better.} O-O 12. O-O Re8 $146 ({Predecessor:} 12... c5 13. Qf5 Nb8 14. Qxc8 Bxc8 15. Bxc8 Rxc8 16. dxc5 bxc5 {½-½ (46) Ftacnik,L (2545)-Gheorghiu,F (2530) Prague 1985}) 13. Rac1 c6 14. Qf5 Nf8 15. Qxc8 Bxc8 16. Bxc8 Raxc8 17. Rc2 Ne6 18. Rfc1 c5 19. dxc5 bxc5 20. b4 a5 21. Be3 {[%cal Rb4c5]} axb4 22. axb4 c4 23. Rd1 Nc7 $36 {[%mdl 2048] Black has some pressure.} 24. Bb6 Na6 25. Ba5 Bxb4 26. Rxd5 c3 27. Ne5 (27. e3 $11) 27... Bxa5 $1 $15 28. Rxa5 Nb4 $1 {[%cal Rb4c2]} 29. Rc1 Red8 (29... f6 $1 $15 30. Nd3 Nxd3 31. exd3 Red8) 30. Ra4 $11 {The position is equal.} c2 {[#] aiming for ...Rd1+.} 31. Nd3 $1 Nxd3 32. exd3 Rc3 33. Ra2 Rdc8 34. Kf1 Rxd3 {Precision: White = 69%, Black = 84%.} 1/2-1/2

[Event "Marmaris Karya IM 2018"]
[Site "Marmaris"]
[Date "2018.06.30"]
[Round "8.2"]
[White "Bivol, Alina"]
[Black "Dedebas, Emre Emin"]
[Result "1/2-1/2"]
[WhiteElo "2365"]
[BlackElo "2336"]
[Annotator "TA"]
[PlyCount "39"]
[EventDate "2018.06.25"]
[EventCountry "TUR"]
[SourceTitle "playchess.com"]
[Source "ChessBase"]
[SourceQuality "1"]

{[%evp 21,39,0,13,16,40,27,54,-36,0,-41,-6,-15,0,-41,0,-22,0,-18,0,-17]} 1. Nf3 Nf6 2. g3 d5 3. Bg2 c6 4. O-O Bg4 5. d3 Nbd7 6. h3 Bh5 7. Qe1 {A07: Réti Opening: New York and Capablanca Systems} e5 8. e4 dxe4 (8... Bd6 9. exd5 Bxf3 10. Bxf3 Nxd5 11. Nc3 Nxc3 12. bxc3 O-O 13. a4 a5 14. Bg2 Qc7 {½-½ (75) Howell,D (2682)-Vitiugov,N (2732) Caleta 2018}) 9. dxe4 Bc5 10. a4 a5 11. Na3 O-O {LiveBook: 14 Games} 12. Nc4 Re8 13. Nh4 Bg6 14. Nf5 ({White should play} 14. Bd2 $14) 14... Qc7 {[#]} (14... Bxf5 $5 15. exf5 e4 $11) 15. c3 $146 Nb6 16. Nce3 Nbd7 17. Nc4 Nb6 18. Nce3 {The position is equal.} Nbd7 19. Nc4 Nb6 20. Nce3 {Precision: White = 48%, Black =  0%.} 1/2-1/2